00545nam a2200193 a 4500001001300000003000900013005001700022008004100039020001000080082001300090100001900103245006600122260005800188300000900246500003500255505001000290650003200300700001900332nice12345678IN_TiNIC20260116013623.0050524s1993 dela grp 000 0 eng  ac30000a307bTIR aTirmizi, S A L aCultural Interaction in South Asiab a Historical Perspective aDelhibHamdard Institute of Historical Researchc1993 a321p aincludes index and biblioraphy2 aIndex aIntercultural Communication1 aTirmizi, S A L